书目信息 |
| 题名: |
城市隧道爆破作用下邻近结构损伤机理分析与安全评价
|
|
| 作者: | 管晓明 著 | |
| 分册: | ||
| 出版信息: | 北京 人民交通出版社股份有限公司 2024.11 |
|
| 页数: | 166页 | |
| 开本: | 26cm | |
| 丛书名: | 中国隧道及地下工程修建关键技术研究书系 | |
| 单 册: | ||
| 中图分类: | U459.9 , TU311.3 | |
| 科图分类: | ||
| 主题词: | 城市隧道--cheng shi sui dao--爆破施工--振动影响--建筑物--损伤--安全评价 | |
| 电子资源: | ||
| ISBN: | 978-7-114-19318-7 | |
| 000 | 01882nam 2200301 450 | |
| 001 | 97654 | |
| 005 | 20250919192713.46 | |
| 010 | @a978-7-114-19318-7@dCNY88.00 | |
| 100 | @a20250212d2024 em y0chiy50 ea | |
| 101 | 1 | @achi |
| 102 | @aCN@b110000 | |
| 105 | @aa a 000yy | |
| 106 | @ar | |
| 106 | @ar | |
| 200 | 1 | @a城市隧道爆破作用下邻近结构损伤机理分析与安全评价@Acheng shi sui dao bao po zuo yong xia lin jin jie gou sun shang ji li fen xi yu an quan ping jia@d= Analysis of damage mechanism and safety evaluation of adjacent structures under tunnel balsting effect@f管晓明著@zeng |
| 210 | @a北京@c人民交通出版社股份有限公司@d2024.11 | |
| 215 | @a166页@c图 (部分彩图)@d26cm | |
| 225 | 2 | @a中国隧道及地下工程修建关键技术研究书系@Azhong guo sui dao ji di xia gong cheng xiu jian guan jian ji shu yan jiu shu xi |
| 320 | @a有书目 (第162-166页) | |
| 330 | @a本书依托典型的隧道工程, 针对城市隧道爆破下建 (构) 筑物、地下管线、支护结构等的损伤机理、损伤特性及安全评价方法开展研究, 形成较为系统的城市隧道爆破下建 (构) 筑物损伤特性分析和安全评价方法,可为保障城市隧道I程建设及民生安全提供技术参考。本书的主要内容包括:建筑结构精细化模型建立及高阶模态振动特性研究、隧道爆破下建筑结构局部振动响应及损伤特性研究、隧道爆破振动下多层建筑损伤特性及安全评价研、隧道爆破下管线振动损伤特性及安全评价方法研究、隧道爆破下支护结构损伤量化及安全评价研究等。本书可供从事爆破工程科研、设计等工作的专业技术人员参考, 亦可供高等院校相关专业师生学习使用。 | |
| 410 | 0 | @12001 @a中国隧道及地下工程修建关键技术研究书系 |
| 510 | 1 | @aAnalysis of damage mechanism and safety evaluation of adjacent structures under tunnel balsting effect@zeng |
| 606 | 0 | @a城市隧道@Acheng shi sui dao@x爆破施工@x振动影响@x建筑物@x损伤@x安全评价 |
| 690 | @aU459.9@v5 | |
| 690 | @aTU311.3@v5 | |
| 701 | 0 | @a管晓明@Aguan xiao ming@4著 |
| 801 | 0 | @aCN@c20250909 |
| 905 | @a河南城建学院图书馆@dU459.9@eG572@f1 | |
| 城市隧道爆破作用下邻近结构损伤机理分析与安全评价= Analysis of damage mechanism and safety evaluation of adjacent structures under tunnel balsting effect/管晓明著.-北京:人民交通出版社股份有限公司,2024.11 |
| 166页:图 (部分彩图);26cm.-(中国隧道及地下工程修建关键技术研究书系) |
| ISBN 978-7-114-19318-7:CNY88.00 |
| 本书依托典型的隧道工程, 针对城市隧道爆破下建 (构) 筑物、地下管线、支护结构等的损伤机理、损伤特性及安全评价方法开展研究, 形成较为系统的城市隧道爆破下建 (构) 筑物损伤特性分析和安全评价方法,可为保障城市隧道I程建设及民生安全提供技术参考。本书的主要内容包括:建筑结构精细化模型建立及高阶模态振动特性研究、隧道爆破下建筑结构局部振动响应及损伤特性研究、隧道爆破振动下多层建筑损伤特性及安全评价研、隧道爆破下管线振动损伤特性及安全评价方法研究、隧道爆破下支护结构损伤量化及安全评价研究等。本书可供从事爆破工程科研、设计等工作的专业技术人员参考, 亦可供高等院校相关专业师生学习使用。 |
| ● |
| 相关链接 |
|
|
|
正题名:城市隧道爆破作用下邻近结构损伤机理分析与
索取号:U459.9/G572
 
预约/预借
| 序号 | 登录号 | 条形码 | 馆藏地/架位号 | 状态 | 备注 |
| 1 | 1638700 | 216387005 | 自科库501/501自科库 85排2列5层/ [索取号:U459.9/G572] | 在馆 |